Koridor denník pre Slovensko : [vydanie s hviezdičkou]

Bibliographic Details
Format: Newspaper
Language:Slovak
PhysicalDescription:2 zv. 46 cm
Published: [Bratislava] Tempra 1992-1993
Subjects:

MARC

LEADER 00000cas a2200000 a 4500
001 vtls001311608
003 SK-MaSNL
005 20260228155646.0
008 160628d19921993xo dr n 0 0b0slo
035 |a SNK000263987 
040 |a SNK  |b slo  |c SNK  |e AACR2 
041 0 |a slo 
044 |a xo  |c SK 
072 7 |a 070  |x Noviny. Tlač  |2 konspekt 
080 |a 050  |2 2011 
080 |a 316.728  |2 2011 
080 |a (05)"520*1"(437.6)  |2 2011 
245 0 0 |a Koridor  |b denník pre Slovensko : [vydanie s hviezdičkou] 
260 |a [Bratislava]  |b Tempra  |c 1992-1993 
300 |a 2 zv.  |c 46 cm 
310 |a Denne 
362 0 |a Roč. 1, č. 1 (5. marca 1992)-roč. 2, č. 24 (30. jan. 1993) 
500 |a Vyd. označené hviezdičkou 
500 |a Úvodné číslo vyšlo označené ako ponukové 28. febr. 1992 
650 0 7 |a spoločenský život  |2 SNKPH  |9 28654 
655 7 |a celoštátne denníky  |2 SNKPH  |9 70758 
775 0 |t Koridor  |w vtls008882908 
910 |a snk 
999 |c 98  |d 98 
952 |0 0  |1 0  |4 0  |7 0  |a SNK  |b SNK  |d 1997-11-21  |i snkČSP 176/93  |l 0  |o snkČSA 1207*/1/1992/1 D1  |p 17A0109775  |r 2005-01-02 00:00:00  |w 2026-02-21  |y PREZ  |z č. 1-98 + ponukové č. 
952 |0 0  |1 0  |4 0  |7 0  |a SNK  |b SNK  |d 2002-07-16  |i snkČSP 175/93  |l 0  |o snkČSA 1207*/1/1992/2  |p 17A0195617  |r 2005-01-02 00:00:00  |w 2026-02-21  |y PREZ 
952 |0 0  |1 0  |4 0  |7 0  |a SNK  |b SNK  |d 2002-07-16  |i snkČSP 4188/93  |l 0  |o snkČSA 1207*/1/1992/2 D1  |p 17A0257560  |r 2005-01-02 00:00:00  |w 2026-02-21  |y PREZ 
952 |0 0  |1 0  |4 0  |7 0  |a SNK  |b SNK  |d 2002-07-16  |i snkČSP 1864/93  |l 0  |o snkČSA 1207*/1/1992/3  |p 17A0238573  |r 2005-01-02 00:00:00  |w 2026-02-21  |y PREZ 
952 |0 0  |1 0  |4 0  |7 0  |a SNK  |b SNK  |d 2002-07-16  |i snkČSP 3083/93  |l 0  |o snkČSA 1207*/2/1993  |p 17A0322436  |r 2005-01-02 00:00:00  |w 2026-02-21  |y PREZ 
952 |0 0  |1 0  |4 0  |7 0  |a SNK  |b SNK  |d 2002-07-16  |i snkČSP 5572/93  |l 0  |o snkČSA 1207*/2/1993 D1  |p 17A0322437  |r 2005-01-02 00:00:00  |w 2026-02-21  |y PREZ